000 00213nam a2200097Ia 4500
008 220204s9999 xx 000 0 und d
082 _a82-3
_bKIN
100 _aKing, Stephen
245 0 _aDanse macabre
942 _cBK
999 _c38752
_d38752